Bulletin Centra vedecko-technických informácií knihovníctvo - informatika - teória - prax

Bibliographic Details
New Title:ITlib
Previous Title:Spravodajca Slovenskej technickej knižnice
Format: Journal
Language:Slovak
Czech
PhysicalDescription:4 zv. 25 cm
Published: Bratislava Centrum vedecko-technických informácií Slovenskej republiky 1997-2000
ISSN:1335-2164
0139-6250
1335-793X
Subjects:

MARC

LEADER 00000cas a2200000 a 4500
001 vtls008880972
003 SK-MaSNL
005 20260228162109.0
008 141119d19972000xo qr|p 0 0 b0slo d
022 |a 1335-2164 
035 |a (SVKBB03)vtls000047960 
040 |a SVKBB  |b slo  |c SVKBB  |d SNK  |e AACR2 
041 0 |a slo  |a cze 
072 7 |a 026/027  |x Knižnice  |2 konspekt 
072 7 |a 007  |x Teória systémov. Automatické systémy. Kybernetika. Informačné systémy  |2 konspekt 
080 |a 050  |2 2001 
080 |a 02  |2 2001 
080 |a 026/027  |2 2001 
080 |a 007+004  |2 2001 
080 |a 681.5  |2 2001 
245 0 0 |a Bulletin Centra vedecko-technických informácií  |b knihovníctvo - informatika - teória - prax 
260 |a Bratislava  |b Centrum vedecko-technických informácií Slovenskej republiky  |c 1997-2000 
300 |a 4 zv.  |c 25 cm 
310 |a 4x ročne 
362 0 |a Roč. 1, č. 1 (1997)-roč. 4, č. 4 (2000) 
500 |a Reg. č.: MK SR 1601/97 
525 |a Príloha Priemyselné a obchodné informácie 
546 |a Čiast. text aj čes. 
650 0 7 |a knihovníctvo  |2 SNKPH  |9 1557 
650 0 7 |a knižnice  |2 SNKPH  |9 17965 
650 0 7 |a informatika  |2 SNKPH  |9 1124 
650 0 7 |a automatizácia  |2 SNKPH  |9 1428 
655 7 |a odborné časopisy  |2 SNKPH  |9 70505 
770 0 |t Priemyselné a obchodné informácie 
780 0 0 |t Spravodajca Slovenskej technickej knižnice  |x 0139-6250  |w vtls008882249 
785 0 0 |t ITlib  |x 1335-793X  |w vtls001471900 
910 |a snk 
916 |a 1997-2000 
958 |a OND 
999 |c 6799  |d 8729 
952 |0 0  |1 0  |4 0  |7 0  |8 0  |a SNK  |b SNK  |d 2003-11-07  |f 1  |i snkČSP 2570/2001  |l 0  |o snkČSC 3343/2/1998  |p 17A0402386  |r 2005-01-02 00:00:00  |t č. 1-4 + mim. č.  |w 2026-02-21  |y PREZ  |z mimoriadne číslo 
952 |0 0  |1 0  |4 0  |7 0  |a SNK  |b SNK  |d 2014-01-13  |f 1  |i snkČSP 2574/2001  |l 0  |o snkČSC 3343/1/1997  |p 17A1029480  |r 2026-02-21 19:44:06  |t č. 1-4  |w 2026-02-21  |y PREZ 
952 |0 0  |1 0  |4 0  |7 0  |a SNK  |b SNK  |d 2014-01-13  |f 1  |i snkČSP 2572/2001  |l 0  |o snkČSC 3343/3/1999  |p 17A1029481  |r 2026-02-21 19:44:06  |t č. 1-4  |w 2026-02-21  |y PREZ 
952 |0 0  |1 0  |4 0  |7 0  |8 0  |a SNK  |b SNK  |d 2008-10-08  |f 1  |i snk2008/18941  |l 0  |o snkČSC 3343/4/2000  |p 17A0582220  |r 2026-02-21 20:49:48  |t č. 1-4 + príl.   |w 2026-02-21  |y PREZ  |z príl. 1-4, reg. v č. 4 
952 |0 0  |1 0  |4 0  |7 0  |8 0  |a SNK  |b SNK  |d 2008-10-08  |i snk2008/18942  |l 0  |o snkČSC 3343/4/2000 D1  |p 17A0582221  |r 2026-02-21 20:49:50  |t č. 1-4 + príl.   |w 2026-02-21  |y PREZ  |z príl. 1-4, reg. v č. 4